Grand Teton National Park Hikes - Statistics

General Stats
  • This quiz has been taken 10 times
  • The average score is 5 of 21
Answer Stats
Area Mileage(Roundtrip) Total Average Ranking Answer % Correct
Teton Park Road* 8 29 5.8 Jenny Lake Loop
88%
Teton Park Road* 10 20 4 Cascade Canyon Trail
63%
Teton Park Road 10 46 9.2 Ampitheater Lake Trail
50%
Teton Park Road* 2 31 6.2 Inspiration Point Trail
38%
Teton Park Road* 3 28 5.6 Taggart Lake Trail
38%
Teton Park Road* 3 49 9.8 Bradley Lake Trail
25%
Moose Wilson Road* 8 32 6.4 Death Canyon Trail
25%
Teton Park Road* 15 23 4.6 Lake Solitude Trail
25%
Teton Park Road* 14 39 7.8 Paintbrush Canyon Trail
25%
Teton Park Road* 4 36 7.2 String Lake Loop
25%
Teton Park Road 8 55 11 Garnet Canyon Trail
13%
Jackson Lake 10 53 10.6 Hermitage Point Trail
13%
Jackson Lake 2 36 7.2 Lakeshore Trail
13%
Teton Park Road* 7 44 8.8 Leigh Lake Trail
13%
Top of the Tram* 13 50 10 Marion Lake/Granite Canyon Trail
13%
Rockefeller Preserve 7 29 5.8 Phelps Lake Loop
13%
Moose Wilson Road* 2 39 7.8 Phelps Lake Overlook Trail
13%
Teton Park Road 7 54 10.8 Signal Mountain Trail
13%
Moose Wilson Road 17 45 9 Static Peak Divide Trail
13%
Teton Park Road/Top of the Tram* 26 46 9.2 Teton Crest Trail
13%
Northeast 6 55 11 Two Ocean Lake Loop
13%
No matching quizzes found
Score Distribution
Percent of People with Each Score
Percentile by Number Answered
Your Score History
You have not taken this quiz